Estatuto orgánico. (Registro nro. 45554)
[ vista simple ]
| 000 -CABECERA | |
|---|---|
| campo de control de longitud fija | 00673nam a2200217 i 4500 |
| 001 - NÚMERO DE CONTROL | |
| campo de control | 000046065 |
| 003 - IDENTIFICADOR DEL NÚMERO DE CONTROL | |
| campo de control | DO-SdBNP |
| 005 - FECHA Y HORA DE LA ÚLTIMA TRANSACCIÓN | |
| campo de control | 20250806104308.0 |
| 008 - DATOS DE LONGITUD FIJA--INFORMACIÓN GENERAL | |
| campo de control de longitud fija | 150518s1989 dr 000 0 spa d |
| 040 ## - FUENTE DE LA CATALOGACIÓN | |
| Centro catalogador/agencia de origen | DO-SdBNP |
| Lengua de catalogación | spa |
| Centro/agencia transcriptor | BNPHU |
| Normas de descripción | rda |
| 041 ## - CÓDIGO DE LENGUA | |
| Código de lengua del texto/banda sonora o título independiente | spa |
| 082 ## - NÚMERO DE LA CLASIFICACIÓN DECIMAL DEWEY | |
| Número de clasificación | xxxx |
| Número de documento/Ítem | E795 |
| Número de edición | 22 |
| 245 10 - MENCIÓN DE TÍTULO | |
| Título | Estatuto orgánico. |
| 260 ## - PUBLICACIÓN, DISTRIBUCIÓN, ETC. | |
| Lugar de publicación, distribución, etc. | Santo Domingo : |
| Nombre del editor, distribuidor, etc. | UASD, |
| Fecha de publicación, distribución, etc. | 1989. |
| 300 ## - DESCRIPCIÓN FÍSICA | |
| Extensión | 49 p. : |
| Otras características físicas | il. |
| 490 1# - MENCIÓN DE SERIE | |
| Mención de serie | Publicaciones de la Univerdad Autónoma de Santo Domingo |
| Designación de volumen o secuencia | 385 |
| 500 ## - NOTA GENERAL | |
| Nota general | Lineas programáticas de la FDE 1982-84 |
| 700 12 - PUNTO DE ACCESO ADICIONAL--NOMBRE DE PERSONA | |
| Nombre de persona | Rojas, Onofre, |
| Término indicativo de función/relación | pres. |
| 9 (RLIN) | 31119 |
| 830 #0 - PUNTO DE ACCESO ADICIONAL DE SERIE-TÍTULO UNIFORME | |
| Título uniforme | Publicaciones de la Univerdad Autónoma de Santo Domingo |
| Designación de volumen o secuencia | 385 |
| 9 (RLIN) | 74138 |
| 942 ## - ELEMENTOS DE PUNTO DE ACCESO ADICIONAL (KOHA) | |
| Fuente del sistema de clasificación o colocación | Dewey Decimal Classification |
| Tipo de ítem Koha | Folleto |
| Estado de retiro | Estado de pérdida | No para préstamo | Código de colección | Localización permanente | Ubicación/localización actual | Ubicación en estantería | Fecha de adquisición | Número de inventario | Total de préstamos | Signatura topográfica completa | Código de barras | Fecha visto por última vez | Precio válido a partir de | Tipo de ítem Koha | Fuente del sistema de clasificación o colocación | Restricciones de uso | Fuente de adquisición | Número de copia |
|---|---|---|---|---|---|---|---|---|---|---|---|---|---|---|---|---|---|---|
| Patrimonio Dominicano | Biblioteca Nacional Pedro Henríquez Ureña | Biblioteca Nacional Pedro Henríquez Ureña | En catalogación | 06.08.2025 | BNPHU PD E795 | 2025-7789 | 06.08.2025 | 06.08.2025 | Folleto | Dewey Decimal Classification | Excluido de préstamo | donación | e.2 | |||||
| Excluido de préstamo | Patrimonio Dominicano | Patrimonio Dominicano | Patrimonio Dominicano | Depósito | 17.06.2015 | LF1 | xxxx xxx | 46065-10 | 25.06.2020 | 25.06.2020 | Libro y Folleto Colección Patrimonio Dominicano |
